| 000 | 00617nam a2200217 4500 | ||
|---|---|---|---|
| 003 | OSt | ||
| 005 | 20240622032139.0 | ||
| 006 | a | ||
| 008 | 240622b |||||||| |||| 00| 0 eng d | ||
| 020 | _a9780071317870 | ||
| 040 |
_aDWCL-Main lib. _cOC |
||
| 082 |
_2Eleventh edition _aCirc. 540 C456c 2013 |
||
| 100 | _aGoldsby, Kennetn A. | ||
| 245 | _aChemistry / | ||
| 250 | _aEleventh edition | ||
| 260 |
_aN.Y. : _bMcgraw-Hill, _cc2013. |
||
| 300 |
_axxxiii, _b(various paging) : col. ill. ; _c26 cm. |
||
| 504 | _aIncludes index. | ||
| 650 | _a1. Chemistry. | ||
| 942 |
_2ddc _n0 _cBK-CIRC _eEleventh edition _kCirc. |
||
| 999 |
_c1144 _d1144 |
||